00693cam a2200241 450000100060000000300080000600500170001400800390003102000150007003500190008504000230010404100080012708200220013510000300015724500910018726000460027830000320032435000100035650400190036665000240038565000320040965000100044111569BD-RjUL20211208235139.0140127s1974 nyua 001 0 eng a0679400494 a(BD-RjUL)11678 aDLCcDLCdDLCbeng aeng00a596.038bSTI 19741 aStivens, Dal,d1911-1997.14aThe incredible egg :ba billion year journey /cDal Stivens. Illustrated by Bob Hines. aNew York :bWeybright and Talley,c[1974] avii, 373 p.billus.c22 cm. a$9.95 aIncludes index 0aEvolution (Biology) 0aSexual behavior in animals. 0aEggs.